000 00626cam a22002171 4500
001 sa 68001560
003 DLC
005 20260227112434.0
008 881102s1966 ii 000 0 hino
010 _asa 68001560
035 _a(OCoLC)23541493
040 _aDLC
_cMiU
_dNRU
_dDLC
042 _apremarc
050 0 0 _aPK2031
_b.P3
100 1 _aPandey, Sudhakar,
_d1927-
245 1 0 _aHindī sāhitya kā ka kha ga.
_c[Lekhaka] Sudhākara Paṇdeya.
260 _a[Dillī]
_bRādhākr̥shṇa Prakāśana
_c[c1966]
300 _a196 p.
_c19 cm.
500 _aIn Hindi.
650 0 _aHindi literature
_xHistory and criticism.
999 _c78042
_d78042